000
00309nam a22001457a 4500
008
210427b ||||| |||| 00| 0 eng d
020
_a
9781429215978
041
_a
eng
080
_2
9th
_a
159.9
082
_a
159.9
100
_a
48
101
_a
PSI
245
_a
Psychology
_c
Myers.D.G
942
_2
udc
_c
BK
999
_c
56840
_d
56840